| 000 | 00000nam##2200000za#4500 |
| 001 | 9.663839 |
| 003 | CaOODSP |
| 005 | 20210615121239 |
| 007 | co ||||||||||| |
| 008 | 150407|2002||||xxc |q d f### # eng|d |
| 020 | |a0-662-66666-6 |
| 040 | |aCaOODSP|beng |
| 041 | |aeng |
| 041 | |afre |
| 043 | |an-cn--- |
| 086 | 1 |aBT22-83/2002-MRC |
| 110 | 1 |aCanada. |bTreasury Board. |
| 245 | 10|aAccess to information: making it work for Canadians / |h[electronic resource]|cIssued by the Access to Information Review Task Force. |
| 260 | |aOttawa - Ontario : |bTreasury Board of Canada Secretariat |c2002. |
| 300 | |a1 disc. |
| 546 | |aBilingual |
| 776 | 0#|tAccès à l'information: comment mieux servir les Canadiens : |w(CaOODSP)9.663838 |
| 776 | 0#|tAccess to information - making it work for Canadians : |w(CaOODSP)9.686304 |
| 776 | 0#|tAccès à l'information - comment mieux servir les Canadiens : |w(CaOODSP)9.630780 |
| 792 | |tAccès à l'information: comment mieux servir les Canadiens / |efre|w(CaOODSP)9.663840 |